<?xml version="1.0" encoding="UTF-8"?><?xml-stylesheet type="text/xsl" href="static/style.xsl"?><OAI-PMH xmlns="http://www.openarchives.org/OAI/2.0/" xmlns:xsi="http://www.w3.org/2001/XMLSchema-instance" xsi:schemaLocation="http://www.openarchives.org/OAI/2.0/ http://www.openarchives.org/OAI/2.0/OAI-PMH.xsd"><responseDate>2026-04-13T05:57:10Z</responseDate><request verb="GetRecord" identifier="oai:www.recercat.cat:2117/349434" metadataPrefix="marc">https://recercat.cat/oai/request</request><GetRecord><record><header><identifier>oai:recercat.cat:2117/349434</identifier><datestamp>2025-07-23T00:30:12Z</datestamp><setSpec>com_2072_1033</setSpec><setSpec>col_2072_452951</setSpec></header><metadata><record xmlns="http://www.loc.gov/MARC21/slim" xmlns:dcterms="http://purl.org/dc/terms/" xmlns:xsi="http://www.w3.org/2001/XMLSchema-instance" xmlns:doc="http://www.lyncode.com/xoai" xsi:schemaLocation="http://www.loc.gov/MARC21/slim http://www.loc.gov/standards/marcxml/schema/MARC21slim.xsd">
   <leader>00925njm 22002777a 4500</leader>
   <datafield ind2=" " ind1=" " tag="042">
      <subfield code="a">dc</subfield>
   </datafield>
   <datafield ind2=" " ind1=" " tag="720">
      <subfield code="a">Barba Calpe, Víctor</subfield>
      <subfield code="e">author</subfield>
   </datafield>
   <datafield ind2=" " ind1=" " tag="260">
      <subfield code="c">2021-06-22</subfield>
   </datafield>
   <datafield ind2=" " ind1=" " tag="520">
      <subfield code="a">Mi intención en este trabajo es analizar y entender la vivienda mínima desde sus antecedentes del siglo XX, hasta la actualidad. Analizando como empezó a surgir las primeras ideas de vivienda mínima en el II CIAM, como transcurre hasta después de la segunda guerra mundial y como a finales del siglo XX se empieza a tener una visión más futurística. &#xd;
Como finalidad es que, a través de ejemplos arquitectónicos de la época y proyectos míos que he realizado a lo largo de mi carrera, se entienda los principios básicos de la vivienda mínima y la vivienda colectiva. Así también como un libro al que consultar cuando necesites inspiración para realizar futuros proyectos.&#xd;
&#xd;
Finalmente me gustaría acabar explicando algunos proyectos del siglo XXI, los cuales están enfocados con otra mentalidad. Se deja al lado la idea de realizar vivienda mínima por necesidad debido a las circunstancias del siglo pasado y se empieza adaptar a las necesidades de esta nueva época que está enmarcada por esa mentalidad de la nueva sociedad del dinamismo y la movilidad.&#xd;
&#xd;
Siempre, antes de realizar un proyecto, busco referencias, inspiraciones, material que me pueda ayudar a realizar mi proyecto de la mejor manera posible, entendiendo por qué se hace de una manera y no de otra, mezclando ideas y añadiendo nuevas. La intencionalidad del libro es poder ayudar a futuras generaciones, con ejemplos arquitectónicos que a mí me han ayudado a lo largo de mi carrera.</subfield>
   </datafield>
   <datafield tag="653" ind2=" " ind1=" ">
      <subfield code="a">Àrees temàtiques de la UPC::Arquitectura::Tipologies d'edificis</subfield>
   </datafield>
   <datafield tag="653" ind2=" " ind1=" ">
      <subfield code="a">Dwellings</subfield>
   </datafield>
   <datafield tag="653" ind2=" " ind1=" ">
      <subfield code="a">Vivienda mínima</subfield>
   </datafield>
   <datafield tag="653" ind2=" " ind1=" ">
      <subfield code="a">Habitatges</subfield>
   </datafield>
   <datafield ind2="0" ind1="0" tag="245">
      <subfield code="a">Vivienda mínima</subfield>
   </datafield>
</record></metadata></record></GetRecord></OAI-PMH>